SGH Medical Journal (Registro nro. 1303)
[ vista simple ]
| 000 -LEADER | |
|---|---|
| fixed length control field | 00409nas a22001577a 4500 |
| 008 - CAMPO DE CONTROL RECURSOS CONTINUADOS | |
| fixed length control field | 130408t20069999su ||||| |||| 00| 0 eng d |
| 022 ## - INTERNATIONAL STANDARD SERIAL NUMBER | |
| International Standard Serial Number | 1658-2489 |
| 245 ## - TITULO | |
| Titulo | SGH Medical Journal |
| 260 ## - PUBLICACION, DISTRIBUCION, ETC. (PIE DE IMPRENTA) | |
| Lugar de publicación, distribución, etc | Jeddah, |
| Nombre de la editorial, distribuidor, etc. | Saudi German Hospitals Medical Journal: |
| Fecha de publicación | 2006 |
| 300 ## - DESCRIPCION FISICA | |
| Extensión | v. : |
| 310 ## - FRECUENCIA ACTUAL DE LA PUBLICACION | |
| Frecuencia actual de la publicación | bianual |
| 546 ## - NOTA DE IDIOMA | |
| Nota de lenguaje | ingles |
| 590 ## - NOTAS LOCALES (RLIN) | |
| Nota local | Existencias: 2006 1(1) |
| 650 ## - MATERIA-TERMINO TEMATICO | |
| Término temático | MEDICINA INTERNA |
| 9 (RLIN) | 1738 |
| 942 ## - ADDED ENTRY ELEMENTS (KOHA) | |
| Source of classification or shelving scheme | Dewey Decimal Classification |
| Item type | Continuing Resources |
No hay ítems disponibles.